Państwa na literę P(od najwiekszej do najmniejszej) - Statystyki

Ogólne statystyki
  • Ten quiz został rozwiązany 345 razy
  • Średni wynik to 6 z 9
Statystyki odpowiedzi
powierzchnia Państwa % Poprawnych
322.575 Polska
98%
92.391 Portugalia
95%
803.940 Pakistan
83%
1.285.220 Peru
81%
406.750 Paragwaj
74%
78.200 Panama
70%
508 Palau
57%
462.840 PNG
51%
1.219.912 RPA
16%
Nie znaleziono quizów pasujących do podanych kryteriów
Rozkład punktacji
Procent ludzi z każdym wynikiem
Percentyl według liczby udzielonych odpowiedzi
Twoja historia wyników
Nie rozwiązałeś tego quizu